Quiz sur Amiens et ses alentours - Statistiques

Statistiques générales
  • Ce quiz a été pris 501 fois
  • Le résultat moyen est 5 sur 8
Statistiques - réponses
Hint Réponse % Correct
Comment s'appelle la rue piétonne du centre ville ? Rue des Trois cailloux
85%
Quel est le plus haut bâtiment d'Amiens ? Cathédrale Notre Dame
84%
Comment s'appelle le stade de l'équipe de football de l'Amiens SC ? Stade (Crédit Agricole) de la Licorne
80%
Ou peut on retrouver les matchs des Gothiques d'Amiens ? Coliseum
73%
Nommer un quartier appartenant au centre ville d'Amiens Saint Leu | Saint Roch | Saint Germain | Saint Jacques
69%
Qui est le maire d'Amiens Brigitte Fourré
41%
A quelle hauteur s'élève la Tour Perret ? (à 3 mètres prés) 104 m
31%
Quel est le symbole de la ville d'Amiens Feuilles de Vignes
8%
Aucun quiz correspondant
Distribution des résultats
% des personnes avec chaque résultat
Percentile par nombre de réponses
Votre historique - résultats
Vous n’avez pas pris ce quiz